La Meraviglia Degli Anni Imperfetti

Sábháilte in:
Sonraí bibleagrafaíochta
Príomhchruthaitheoir: Clara Sanchez
Formáid: LEABHAR
Teanga:Teanga Anaithnid nó Neamhbhailí
Foilsithe / Cruthaithe: Garzanti
Clibeanna: Cuir clib leis
Níl clibeanna ann, Bí ar an gcéad duine le clib a chur leis an taifead seo!

MARC

LEADER 00000nam a2200000Ia 4500
001 R-1249
003 CODICE-MESSINA
005 20260212102504.0
008 260211s9999 xx 000 0 und d
040 |c importazione_messina 
100 |a Clara Sanchez 
245 0 |a La Meraviglia Degli Anni Imperfetti 
260 |b Garzanti 
942 |2 ddc  |c BK 
952 |0 0  |1 0  |2 ddc  |4 0  |6 SCAFFALE_12_000000000000000__ROMANZI  |7 0  |9 32082  |a ME  |b ME  |d 2026-02-11  |l 0  |o SCAFFALE 12 - ROMANZI  |p R-1249  |r 2026-02-11 23:52:57  |w 2026-02-11  |x [REVISIONARE]  |y BK 
999 |c 27749  |d 27749